|
|
|
|
| LEADER |
00000nam0a2200000 4500 |
| 001 |
318643 |
| 005 |
20231102003110.0 |
| 010 |
|
|
|a 9785434403382
|
| 035 |
|
|
|a (RuTPU)RU\TPU\book\344141
|
| 090 |
|
|
|a 318643
|
| 100 |
|
|
|a 20160428d2016 k y0rusy50 ca
|
| 101 |
0 |
|
|a rus
|
| 102 |
|
|
|a RU
|
| 105 |
|
|
|a a z 001zy
|
| 200 |
1 |
|
|a Дифференциальные насосы для горизонтальных скважин
|f Б. С. Захаров
|g Экогермет-М
|
| 210 |
|
|
|a Ижевск
|a Москва
|c Институт компьютерных исследований
|d 2016
|
| 215 |
|
|
|a 63 с.
|c ил.
|
| 320 |
|
|
|a Библиогр.: с. 61-63
|
| 330 |
|
|
|a Обзор посвящен работам по созданию нового типа штангового насоса для добычи нефти, проделанным в ООО «Экогермет-М» совместно с нефтедобывающими предприятиями ОАО «Удмуртнефть» и ОАО «Татнефть».Приводится расчет основных параметров работы стандартных штанговых насосов (Американский нефтяной институт), выполненный на базе опубликованных в печати ведущими отечественными и зарубежными специалистами.Дается краткое описание схем и конструкций поршневых и плунжерных штанговых насосов с механическими уплотнениями, запатентованных, разработанных и внедренных ООО «Экогермет-М» в период с 1991 по 2016 г. Разработаны и освоены в производстве новые типы штанговых насосов — плунжерные (безцилиндровые) насосы типа НСБ, насосы для малодебитных скважин типа НСБМ, насосные системы для добычи нефти из 2-х пластов (ОРЭ), насосы НСБГ с двойным уплотнением и гидросистемой и др. По своим технико-экономическим показателям, КПД, наработке, ремонтопригодности и др. эти насосы превосходят аналогичные насосы других производителей (РФ, США, Китай и др.).Отдельная глава посвящена дифференциальным штанговым насосам, которые в настоящее время находят все большее применение. Наряду с проверенными на практике деталями и узлами штанговых насосов (механические уплотнения, шариковые клапаны, фильтры) в дифференциальных насосах используются новые типы поршней и штоков, всасывающих и напорных тарельчатых клапанов, приспособленные для добычи вязкой нефти из наклонных и горизонтальных скважин.Обзор будет полезен для специалистов производственных предприятий, научно-исследовательских организаций, аспирантов и студентов, связанных с изучением и освоением новых технологий и оборудования при добыче нефти.
|
| 606 |
1 |
|
|a Штанги насосные
|2 stltpush
|3 (RuTPU)RU\TPU\subj\19571
|9 44796
|
| 610 |
1 |
|
|a штанговые насосы
|
| 610 |
1 |
|
|a дифференциальные насосы
|
| 610 |
1 |
|
|a создание
|
| 610 |
1 |
|
|a параметры
|
| 610 |
1 |
|
|a расчет
|
| 610 |
1 |
|
|a поршневые штанговые насосы
|
| 610 |
1 |
|
|a плунжерные штанговые насосы
|
| 610 |
1 |
|
|a механические уплотнения
|
| 610 |
1 |
|
|a применение
|
| 610 |
1 |
|
|a нефть
|
| 610 |
1 |
|
|a насосная добыча
|
| 675 |
|
|
|a 622.276.53
|v 4
|
| 700 |
|
1 |
|a Захаров
|b Б. С.
|g Борис Семенович
|
| 712 |
0 |
2 |
|a Экогермет-М
|c Общество с ограниченной ответственностью
|c (Москва)
|2 stltpush
|3 (RuTPU)RU\TPU\col\21772
|9 28126
|
| 801 |
|
1 |
|a RU
|b 63413507
|c 20160428
|
| 801 |
|
2 |
|a RU
|b 63413507
|c 20160923
|g RCR
|
| 900 |
|
|
|a Машины и оборудование для бурения нефтяных и газовых скважин на суше (на море)
|
| 900 |
|
|
|a Машины и оборудование нефтяных и газовых промыслов
|
| 942 |
|
|
|c BK
|
| 959 |
|
|
|a 32/20160331
|d 3
|e 260,00
|f ЧЗТЛ:1
|f УФ:2
|
| 959 |
|
|
|a 58/20160829
|d 1
|e 520,00
|f ЧЗТЛ:1
|